The works of Yaḥyā Ibn ʿAdī: an analytical inventory
| Main Author: | |
|---|---|
| Format: | Print Book |
| Language: | English Arabic |
| Subito Delivery Service: | Order now. |
| Check availability: | HBZ Gateway |
| WorldCat: | WorldCat |
| Interlibrary Loan: | Interlibrary Loan for the Fachinformationsdienste (Specialized Information Services in Germany) |
| Published: |
Wiesbaden
Reichert
1977
|
| In: | Year: 1977 |
| Edition: | 1. Aufl |
| Standardized Subjects / Keyword chains: | B
Yaḥyā Ibn-ʿAdī 893-974
|
| Further subjects: | B
Theology / Bibliographie
B Fachbibliographie / Bibliographie / Religion Theologie B Yaḥyā Ibn-'Adī++Bibliographie B Bibliographie / Yaḥyā-Ibn-ʿAdī, Abū-Zakarīyaʾ-Ibn-Ḥāmid-at-Takrītī B Fachbibliographie / Religion Yaḥyā-Ibn-ʿAdī, Abū-Zakarīyaʾ-Ibn-Ḥāmid-at-Takrītī / Bibliographie B Bibliographie / Jakobiten B Fachbibliographie / Bibliographie / Religion Jakobiten B Yahyā ibn ʼAdī (approximately 893-974) B Bibliography |
MARC
| LEADER | 00000cam a2200000 c 4500 | ||
|---|---|---|---|
| 001 | 01138526X | ||
| 003 | DE-627 | ||
| 005 | 20251219200520.0 | ||
| 007 | tu | ||
| 008 | 710101s1977 gw ||||| b 00| ||eng c | ||
| 010 | |a 78340342 | ||
| 015 | |a 77,N38,0065 |2 dnb | ||
| 015 | |a 77,A51,0110 |2 dnb | ||
| 020 | |a 3882260009 |9 3-88226-000-9 | ||
| 035 | |a (DE-627)01138526X | ||
| 035 | |a (DE-576)029811422 | ||
| 035 | |a (DE-599)GBV01138526X | ||
| 035 | |a (OCoLC)3965452 | ||
| 035 | |a (OCoLC)03965452 | ||
| 040 | |a DE-627 |b ger |c DE-627 |e rakwb | ||
| 041 | |a eng |a ara | ||
| 044 | |c XA-DE | ||
| 050 | 0 | |a B753.Y34 | |
| 082 | 0 | |a 199/.567/4 |q LOC | |
| 084 | |a 03a |a 02a |a 01a |a 01x |2 sdnb | ||
| 084 | |a 0 |2 ssgn | ||
| 084 | |a 18.74 |2 bkl | ||
| 100 | 1 | |0 (DE-588)115696954 |0 (DE-627)077412931 |0 (DE-576)160863791 |4 aut |a Endreß, Gerhard |d 1939- | |
| 109 | |a Endreß, Gerhard 1939- |a Indris, Jīrhārd 1939- |a Endress, Gerhard 1939- |a Indris, Ǧīrhārd 1939- | ||
| 245 | 1 | 4 | |a The works of Yaḥyā Ibn ʿAdī |b an analytical inventory |c by Gerhard Endress |
| 250 | |a 1. Aufl | ||
| 264 | 1 | |a Wiesbaden |b Reichert |c 1977 | |
| 300 | |a XII, 148 S | ||
| 336 | |a Text |b txt |2 rdacontent | ||
| 337 | |a ohne Hilfsmittel zu benutzen |b n |2 rdamedia | ||
| 338 | |a Band |b nc |2 rdacarrier | ||
| 500 | |a Literaturangaben | ||
| 583 | 1 | |a Archivierung/Langzeitarchivierung gewährleistet |f SSG |x XA-DE-BW |2 pdager |5 DE-21 | |
| 583 | 1 | |a Archivierung prüfen |c 20240324 |f DE-4165 |z 2 |2 pdager | |
| 600 | 1 | 0 | |a Yahyā ibn ʼAdī |d approximately 893-974 |
| 650 | 4 | |a Yaḥyā-Ibn-ʿAdī, Abū-Zakarīyaʾ-Ibn-Ḥāmid-at-Takrītī / Bibliographie | |
| 650 | 4 | |a Jakobiten / Bibliographie | |
| 650 | 4 | |a Theologie / Bibliographie | |
| 650 | 4 | |a Bibliographie / Fachbibliographie / Religion Jakobiten | |
| 650 | 4 | |a Bibliographie / Fachbibliographie / Religion Theologie | |
| 650 | 4 | |a Bibliographie / Fachbibliographie / Religion Yaḥyā-Ibn-ʿAdī, Abū-Zakarīyaʾ-Ibn-Ḥāmid-at-Takrītī | |
| 650 | 4 | |a Yaḥyā Ibn-'Adī++Bibliographie | |
| 655 | 7 | |a Bibliografie |0 (DE-588)4006432-3 |0 (DE-627)104814519 |0 (DE-576)208865578 |2 gnd-content | |
| 689 | 0 | 0 | |d p |0 (DE-588)118635832 |0 (DE-627)079423175 |0 (DE-576)161531709 |2 gnd |a Yaḥyā Ibn-ʿAdī |d 893-974 |
| 689 | 0 | |5 (DE-627) | |
| 935 | |a mteo | ||
| 935 | |i Blocktest | ||
| 936 | r | u | |a EN 3050 |b Sonstige |k Allgemeine und vergleichende Sprach- und Literaturwissenschaft. Indogermanistik. Außereuropäische Sprachen und Literaturen |k Arabische Sprache und Literatur |k Arabische Literatur |k (Klassisch-) arabische Literatur |k Einzelne Autoren und Anonyme |k Sonstige |0 (DE-627)1271275643 |0 (DE-576)201275643 |z Ungueltig |
| 936 | b | k | |a 18.74 |j Arabische Sprache und Literatur |0 (DE-627)106415646 |
| 951 | |a BO | ||
| ELC | |b 1 | ||
| ITA | |a 1 |t 1 | ||
| LOK | |0 000 xxxxxcx a22 zn 4500 | ||
| LOK | |0 001 3137328837 | ||
| LOK | |0 003 DE-627 | ||
| LOK | |0 004 01138526X | ||
| LOK | |0 005 20090430183817 | ||
| LOK | |0 008 971110||||||||||||||||ger||||||| | ||
| LOK | |0 040 |a DE-21 |c DE-627 |d DE-21 | ||
| LOK | |0 852 |a DE-21 | ||
| LOK | |0 852 1 |c 18 A 7343 |9 00 | ||
| LOK | |0 935 |a kram |a konv |a theo |a sepp | ||
| LOK | |0 939 |a 10-11-97 |b l01 | ||
| LOK | |0 000 xxxxxcx a22 zn 4500 | ||
| LOK | |0 001 3137328918 | ||
| LOK | |0 003 DE-627 | ||
| LOK | |0 004 01138526X | ||
| LOK | |0 005 20200925143044 | ||
| LOK | |0 008 151201||||||||||||||||ger||||||| | ||
| LOK | |0 040 |a DE-21-42 |c DE-627 |d DE-21-42 | ||
| LOK | |0 541 |e 78 K 462 | ||
| LOK | |0 852 |p 606148285906 | ||
| LOK | |0 852 |a DE-21-42 | ||
| LOK | |0 852 1 |c Fd 119 |m p |9 00 | ||
| LOK | |0 935 |a k042 |a orie |a i042 | ||
| LOK | |0 938 |k p | ||
| LOK | |0 939 |a 01-12-15 |b l01 | ||
| ORI | |a SA-MARC-ixtheoa001.raw | ||
| REL | |a 1 | ||
| SUB | |a REL | ||
| SYG | 0 | 0 | |a Ibn ʿAdī, Yaḥyā,893-974,Yaḥyā Ibn ʿAdī,893-974,Ibn-ʿAdī, Yaḥyā,893-974,Yaḥyā-Ibn-'Adī, Abū-Zakarīya'-Ibn-Ḥāmid-at-Takrītī,893-974,Yaḥyā Ibn-ʿAdī, Abu-Zakariya,893-974,Yaḥyā Ibn 'Adi Ibn Hamid Ibn-Zakariyya al-Mantiqi al-Takriti, Abu Zakariyya,893-974,Ibn-ʿAdī, Abū-Zakarīya Yaḥyā,893-974,Yahya ibn 'Adi,893-974,Abū Zakariyyā Yaḥyā Ibn ʿAdī,893-974,Ibn ʿAdī, Jaḥjā,893-974 |



